zpět

Detail výsledku týmu

Barcelounoc - Vinohrady, Praha

Datum a čas kvízu

26 Celkem bodů Celkový počet nahraných bodů na tomto kvízu bez doplňovacích otázek.
4. Pořadí na kvízu Konečné umístění týmu na tomto kvízu.

Zaznamenané odpovědi

# Otázka Odpověď Body Výsledky
1. Minulé pondělí došlo k obnoven... Družba 1
2. Bílý dům chtěl po americkém ná... John McCain 1
3. V úterý byly před zlínským Vel... Helena Vondráčková, Jan Hrušínský 0
4. Italsko-americká automobilka F... Renault 0
5. Jak se jmenuje nový trenér fot... Václav Jílek 0
6. Začneme složením vzduchu. Že j... 1C 2A 3D 4B 0
7. Nedaleko jednoho středočeského... Čáslav 0
8. Že má tento přístroj něco spol... anemometr 0
9. Černé soustředné čáry na mapě... hektopascal (hPa) 0
10. Vítr je zjednodušeně řečeno po... meteorismus 1